000 00957nac a22002657a 4500
001 BR7602002
003 BR-BrBNA
005 20240105113934.0
008 230509b bl.|||m| |||| 00| 0 por d
040 _aBR-BrBNA
_bpor
_cBiblioteca Nacional de Agricultura
072 _aE70
090 _a8150 BR7602002
110 1 _aPrograma de Pesquisa e Desenvolvimento Pesqueiro do Brasil, brasilia, DF
_97975
245 1 _aBoletim do mercado pesqueiro; dados estatisticos e informacoes gerais [Importacao; Exportacao; Peixe marinho; Preco;Brasil]
260 3 _aBrasilia, DF (Brasil):
_c1976.
300 _a231 p.
490 _aBoletim do Mercado Pesqueiro - Programa de Pesquisa e Desenvolvimento Pesqueiro do Brasil (Brazil)
_vv. 8(7)
_x
500 _aNumerical data
650 _aComercializacao
650 _aPeixe marinho
650 _aImportacao
650 _aExportacao
909 _a202312
_bLúcia Elande
_c55
_dLúcia Elande
942 _2AGRIS
_n0
_cMS
999 _c266457
_d266457